[Event "Olympiad-32"]
[Site "Yerevan"]
[Date "1996.10.01"]
[Round "14.1"]
[White "Beliavsky, Alexander G"]
[Black "Shirov, Alexei"]
[Result "1/2-1/2"]
[WhiteElo "2620"]
[BlackElo "2685"]
[Annotator "Lempert,I"]
[PlyCount "125"]
[EventDate "1996.09.15"]
[EventType "team-swiss"]
[EventRounds "14"]
[EventCountry "ARM"]
[SourceTitle "CBM 055"]
[Source "ChessBase"]
[SourceDate "1996.12.01"]
[SourceVersion "1"]
[SourceVersionDate "1996.12.01"]
[SourceQuality "1"]
[WhiteTeam "Slovenia"]
[BlackTeam "Spain"]
[WhiteTeamCountry "SLO"]
[BlackTeamCountry "ESP"]

1. d4 d5 2. c4 c6 3. Nf3 Nf6 4. Nc3 a6 5. Ne5 Nbd7 6. Bf4 dxc4 7. Nxc4 b5 8.
Ne5 Bb7 9. e4 (9. e3 e6 $10) 9... e6 $1 10. f3 c5 11. Nxd7 Nxd7 (11... Qxd7 12.
dxc5 Bxc5 13. Qxd7+ Nxd7 14. O-O-O Ke7 15. Kb1 Rhd8 $10 {Kortschnoi,V-Shirov,A/
Vienna/1996/}) 12. Be3 Be7 13. dxc5 Nxc5 14. Qxd8+ Rxd8 15. Rd1 O-O 16. a3
Rxd1+ 17. Kxd1 Rc8 18. Be2 Kf8 (18... Bf6 $5) 19. Kc2 Na4 20. Bd2 Bd6 $15 21.
h3 Ke7 22. Rd1 Nxc3 (22... Be5 23. Be1 $10) 23. Bxc3 b4 24. axb4 Bxb4 25. Rd3
a5 26. Kb3 Bxc3 27. Rxc3 Rxc3+ 28. Kxc3 Kd6 29. Kd4 e5+ 30. Kc3 Kc5 31. Bc4 f6
32. h4 $1 Bc6 33. Bg8 h6 34. Bc4 Bd7 35. h5 f5 36. exf5 Bxf5 37. Bd3 Be6 38.
Be4 Bf7 39. g4 Bc4 40. Bb7 Bb5 41. Ba8 Be8 42. Bb7 Bb5 43. Ba8 Bc4 44. Be4 Bd5
45. Bxd5 Kxd5 46. b3 $1 (46. Kd3 $2 a4 $17) 46... e4 47. f4 $1 (47. fxe4+ Kxe4
48. Kc4 Kf4 49. Kb5 Kxg4 50. Kxa5 Kxh5 51. b4 g5 $15) 47... e3 48. Kd3 e2 49.
Kxe2 Ke4 50. g5 Kxf4 51. gxh6 gxh6 52. Kd3 Kg4 53. Kc4 Kxh5 54. Kb5 Kg4 55.
Kxa5 h5 56. b4 h4 57. b5 h3 58. b6 h2 59. b7 h1=Q 60. b8=Q Qa1+ 61. Kb6 Qb1+
62. Kc7 Qxb8+ 63. Kxb8 1/2-1/2

[Event "ARM-ch 72nd"]
[Site "Yerevan"]
[Date "2012.01.18"]
[Round "7"]
[White "Pashikian, Arman"]
[Black "Simonian, Hrair"]
[Result "1-0"]
[WhiteElo "2608"]
[BlackElo "2470"]
[Annotator "Let's Check"]
[PlyCount "128"]
[EventDate "2012.01.11"]
[EventType "tourn"]
[EventRounds "11"]
[EventCountry "ARM"]
[EventCategory "13"]
[SourceTitle "CBM 147"]
[Source "ChessBase"]
[SourceDate "2012.03.16"]
[SourceVersion "1"]
[SourceVersionDate "2012.03.16"]
[SourceQuality "1"]

1. d4 d5 2. c4 c6 3. Nc3 Nf6 4. Nf3 a6 5. e3 b5 6. b3 Bg4 7. Qc2 e6 8. Ne5 Bf5
9. Bd3 Bxd3 10. Nxd3 Nbd7 11. O-O Bd6 12. c5 Bb8 13. a4 bxa4 14. Rxa4 e5 15.
Nb4 Qc7 16. f4 exd4 17. exd4 O-O 18. Nxa6 Qb7 19. Nxb8 Rfxb8 20. f5 Rxa4 21.
bxa4 Qb4 22. Qd3 Ne4 23. Nxe4 dxe4 24. Qxe4 Nxc5 25. Qg4 h5 26. Qg3 Qxd4+ 27.
Be3 Qb4 28. a5 Ne4 29. Qc7 Nf6 30. Bb6 Ra8 $2 (30... Re8 31. Qxc6 Re1 $11) 31.
Qxc6 $18 Rxa5 32. Bxa5 Qxa5 33. h3 Qe5 34. Qf3 Qd4+ 35. Qf2 Qd3 36. Qf4 Qe2 37.
Rf3 Qd1+ 38. Kh2 Qc2 39. Ra3 Qc6 40. Qb8+ Kh7 41. Ra8 Kh6 42. Qf4+ Kh7 43. Ra7
Qe8 44. Rb7 Nd5 45. Qd6 Ne3 46. Qf4 Qc6 47. Rb2 Nd5 48. Qe5 Nf6 49. Rd2 Qc1 50.
Rd8 Qg5 51. Rd4 Qc1 52. Ra4 Qc6 53. Ra7 Qc4 54. Rc7 Qa2 55. Rc8 Qf2 56. Rc4 Qd2
57. Qf4 Qe2 58. Rc8 Qe1 59. Rc2 Qb1 60. Rc1 Qb3 61. Rc8 Qd5 62. Rf8 Qd7 63. Qe5
Ng8 64. Qb8 Nf6 1-0

[Event "EU-ch 13th"]
[Site "Plovdiv"]
[Date "2012.03.27"]
[Round "7"]
[White "Grandelius, Nils"]
[Black "Volkov, Sergey"]
[Result "1/2-1/2"]
[WhiteElo "2545"]
[BlackElo "2623"]
[Annotator "Let's Check Training"]
[PlyCount "193"]
[EventDate "2012.03.20"]
[EventType "swiss"]
[EventRounds "11"]
[EventCountry "BUL"]
[SourceTitle "CBM 148"]
[Source "ChessBase"]
[SourceDate "2012.05.16"]
[SourceVersion "1"]
[SourceVersionDate "2012.05.16"]
[SourceQuality "1"]

1. d4 d5 2. c4 c6 3. Nf3 Nf6 4. Nc3 a6 5. a4 e6 6. g3 dxc4 7. e4 c5 8. d5 exd5
9. e5 Nbd7 10. Bg5 Be7 11. exf6 Nxf6 12. Bxf6 Bxf6 13. Nxd5 Bxb2 14. Rb1 $6 (
14. Qe2+ Kf8 15. Qxb2 $16) 14... c3 $15 15. Bd3 Bh3 16. Qe2+ Kf8 17. Nf4 Qa5
18. Qc2 Bd7 19. O-O Bxa4 20. Qe2 Re8 21. Ne5 $6 (21. Be4 Bb5 22. Qc2 $11) 21...
Qc7 $17 22. Rfe1 {[%tqu "En","","","","c5c4","",10]} c4 $1 23. Bxc4 $2 (23. Bf5
c2 24. Rxb2 $15) 23... Rxe5 $2 (23... c2 24. Rxb2 Rxe5 $1 $19) 24. Qxe5 $15
Qxe5 25. Rxe5 c2 26. Ree1 cxb1=Q 27. Rxb1 b5 28. Rxb2 bxc4 29. Rb8+ Be8 30. Nd5
g6 31. Nc7 Kg7 32. Nxe8+ Kh6 33. Kf1 a5 34. g4 Kg5 35. Rb5+ Kxg4 36. Nf6+ Kf3
37. Nd7 Rc8 38. Rxa5 c3 39. Ne5+ Ke4 40. Ke2 c2 41. Nd3 c1=N+ 42. Nxc1 Rxc1 43.
Ra7 Rh1 44. Re7+ Kd5 45. Rxf7 Rxh2 46. Kf3 Ke6 47. Ra7 h5 48. Ra6+ Kf5 49. Kg3
Rh1 50. Ra5+ Kf6 51. Kg2 Re1 52. Ra6+ Re6 53. Ra5 Re5 54. Ra6+ Kf5 55. Ra4 g5
56. Ra3 Re4 57. Ra5+ Kf4 58. Ra8 Rd4 59. Ra3 h4 60. Rf3+ Kg4 61. Ra3 Rb4 62.
Rc3 Ra4 63. Rb3 Rd4 64. Ra3 Rc4 65. Rb3 Ra4 66. Rc3 Rf4 67. Ra3 h3+ 68. Kg1 Kh4
69. Rb3 Rf5 70. Ra3 g4 71. Ra1 Re5 72. Rb1 Kg5 73. Ra1 Kf4 74. Ra4+ Re4 75. Ra1
Rd4 76. Rb1 Kg5 77. Ra1 Kf4 78. Ra4 Re4 79. Ra1 Rd4 80. Rb1 Rd3 81. Rb8 Rd1+
82. Kh2 Rd5 83. Kg1 Rd4 84. Rb1 Ra4 85. Rc1 Ra3 86. Rc8 Ra1+ 87. Kh2 Rf1 88.
Rf8+ Ke4 89. Rf7 Rd1 90. Re7+ Kf5 91. Rf7+ Kg6 92. Rf8 Rd5 93. f3 Rd2+ 94. Kh1
Kg5 95. Rg8+ Kf4 96. Rxg4+ Kxf3 97. Rg8 1/2-1/2

[Event "Kurgan"]
[Site "Kurgan"]
[Date "1993.??.??"]
[Round "?"]
[White "Rashkovsky, Nukhim N"]
[Black "Rublevsky, Sergei"]
[Result "0-1"]
[WhiteElo "2530"]
[BlackElo "2525"]
[Annotator "Lisenko"]
[PlyCount "74"]
[EventDate "1993.12.??"]
[EventType "tourn"]
[EventRounds "13"]
[EventCountry "RUS"]
[EventCategory "8"]
[SourceTitle "CBM 039"]
[Source "ChessBase"]
[SourceDate "1994.04.01"]
[SourceVersion "1"]
[SourceVersionDate "1994.04.01"]
[SourceQuality "1"]

1. d4 d5 2. c4 c6 3. Nf3 Nf6 4. Nc3 a6 5. Bg5 Ne4 6. Bf4 Nxc3 7. bxc3 dxc4 8.
g3 (8. e4 $5) 8... b5 9. Bg2 Bb7 10. Ne5 f6 11. Nxc4 $5 g5 $5 (11... bxc4 $6
12. Rb1 e5 (12... Qc8 13. Qa4 Nd7 14. O-O $44) 13. Rxb7 exf4 14. Qa4 $44 {
Tukmakov,V-Bagirov,V /SSSR/1983/ Inf 36/449/}) 12. Bxb8 bxc4 13. Rb1 Rxb8 14.
Rxb7 Rxb7 15. Bxc6+ Rd7 16. Qa4 e6 17. O-O Bd6 (17... Ke7 18. Bxd7 Qxd7 19.
Qxa6 $14) 18. Qxa6 (18. Rb1 Ke7 19. Bxd7 Qxd7 20. Qxa6 Rc8 21. Rb7 $1 Rc7 22.
Rxc7 Qxc7 23. Qb5 $1 (23. a4 $2 Bb4 $3 24. cxb4 c3 25. Qd3 c2 26. Qxh7+ Kd6 $19
) 23... h5 $1 24. a4 h4 $17 {Dreev,Dvorietzky/}) 18... Kf7 19. Bxd7 Qxd7 20.
Qxc4 Rb8 (20... h5 $1) 21. Qd3 $1 $10 (21. a4 $6 Qc8 $1 22. Qd3 Kg7 23. f4 $6
$17 {Thorsteins,K-Dreev,A /Kiljava/1984 0:1 (51) Inf 38/474/}) 21... Kg7 22. c4
Qa4 23. c5 Be7 24. Ra1 Rb2 25. a3 Rb3 26. Qe4 $2 (26. Qd1 $1 $13) 26... Qc4 $1
27. Rb1 f5 $1 (27... Rxb1+ 28. Qxb1 Qxd4 $2 29. c6 Bc5 30. e3) 28. Qe5+ Bf6 29.
Qc7+ Kg6 30. Rxb3 Qxb3 31. c6 Qb1+ 32. Kg2 Qe4+ 33. Kg1 Qxe2 34. Qd6 Qe1+ 35.
Kg2 Qe4+ 36. Kf1 f4 37. gxf4 gxf4 (37... gxf4 38. c7 f3 39. Qg3+ Bg5 40. Qe5
Qd3+ 41. Ke1 Bd2+ $19) 0-1

[Event "Malakoff op 09th"]
[Site "Malakoff"]
[Date "2009.04.13"]
[Round "4"]
[White "Guilleux, Fabien"]
[Black "Sanchez, Joseph"]
[Result "1-0"]
[WhiteElo "2313"]
[BlackElo "2483"]
[Annotator "Malakoff/Primel,D"]
[PlyCount "79"]
[EventDate "2009.04.11"]
[EventType "swiss"]
[EventRounds "9"]
[EventCountry "FRA"]
[SourceTitle "EXT 2010"]
[Source "ChessBase"]
[SourceDate "2010.11.25"]
[SourceVersion "1"]
[SourceVersionDate "2010.11.25"]
[SourceQuality "1"]

1. d4 {1h29} Nf6 2. Nf3 d5 3. c4 c6 4. Nc3 a6 5. c5 {une des nombreuses lignes
anti Chebalenko} (5. a4) (5. Ne5) 5... g6 (5... Nbd7 {la grande ligne mais g6
est plus ambitieux} 6. Bf4 Nh5 {Colin,V (2421)-Abbasov,F (2578) Rohde op 8th
2008 (6) 1-0}) 6. Bf4 Nh5 {[%cal Gh5f4]} (6... Bg7 7. h3 {[%cal Gf4h2]}) 7. Be5
$5 {Comme les noirs n'ont pas joué la ligne principale Nbd7, les blancs
peuvent en profiter avec ce coup intermédaire} (7. Bg5) (7. Bd2 $5 {Van Wely,L
(2560)-Conquest,S (2505) BL2-West 9495 1994 (1.1) 0-1}) (7. e3) 7... f6 (7...
Bg7 8. e4 $1 dxe4 9. Nxe4 Be6 {[%csl Gd5]} 10. Be2 (10. Bxg7 $143 $6 Nxg7 11.
Neg5 Bd5 $11 {[%csl Rd4,Gd5]}) 10... Nd7 11. Nfg5 (11. Bxg7 Nxg7 12. Nfg5 Bd5
13. Nc3 $1 Bxg2 14. Rg1 Bd5 15. Nxd5 cxd5 16. Qb3 {[%cal Gb3d5,Ge1c1]} Qa5+ 17.
Kf1 Qc7 (17... e6) 18. Qxd5 e6 (18... O-O 19. Bf3 {[%csl Rb7]} Rab8 20. Rd1 (
20. Kg2 Nf5 21. Kh1 e6 22. Qc4 Nf6 $15) 20... e6 21. Qb3 Nf5)) 11... Qa5+ 12.
Kf1 Bd5 13. Bxg7 Nxg7 14. Nc3 h6 15. Nxd5 hxg5 16. Ne3 Rd8 17. Qb3 Qc7 18. g3
Nf6 19. Rd1 Qd7 20. Bc4 e6 21. Kg2 Kf8 22. h3 {Shirov,A (2741)-Kamsky,G (2723)/
Moscow 2008/CBM 126/0-1 (45)}) 8. Bg3 Bh6 $146 {Une nouveauté logique pour
essayer de faire jouer le B} (8... Nxg3 9. hxg3 e5 10. e4 dxe4 11. Nxe4 Bf5 12.
Bd3 Nd7 13. Nd6+ Bxd6 14. Bxf5 gxf5 15. cxd6 Qa5+ 16. Qd2 Qxd2+ 17. Kxd2 O-O-O
18. Rh6 exd4 19. Nxd4 Ne5 20. Nxf5 Rhe8 21. Rc1 Ng4 22. Rxh7 Nxf2 23. Re7 {
Brodsky,M (2548)-Terekhov,A (2342)/Peterhof 2008/CBM 125 Extra/1-0 (38)}) (8...
Bg7 {Gelfand,B (2670)-Shirov,A (2685) Chalkidiki Nikiti 1993 (2) 1/2}) (8... e5
9. e4 $1 $36 dxe4 10. Nxe4 Bf5 11. Bd3 Nd7 {Cech,P (2430)-Cernousek,L (2405)
CZE-chT 0708 2007 (10.2) 1/2}) 9. e4 $1 {1h23 les blancs ont une avance de
développement et un avantage d'espace. En conséquence, il est logique de
vouloir ouvrir le centre et l'affaiblissement de la case "d5" n'est pas trop
grave.} (9. e3 {[%csl Gf4]} O-O 10. Qb3 (10. Be2 Nd7 {[%cal Ge7e5]}) 10... Nd7
11. e4 $36 {[%csl Rd5][%cal Gb3g8]}) (9. Qb3 $5 {[%cal Gb3b7,Ge2e4]} Nd7 (9...
O-O $6 10. e4 $36 e6 (10... Nxg3 $2 11. hxg3 {[%cal Gh1h6]}) 11. Bd6 $1 {
[%csl Gd6]}) (9... Qa5 $1 {[%cal Ga5e1] Le clouage du Nc3 empêche e2e4 et les
noirs vont essayer de préparer e5} 10. e3 Nd7 11. Be2 e5 $132)) 9... dxe4 10.
Nxe4 Be6 {[%csl Gd5]} (10... Bf5 11. Nc3 {[%cal Gd4d5]}) 11. Bd3 O-O (11...
Nxg3 $2 12. hxg3 $16 {[%csl Gh1,Rh6][%cal Gh1h6]}) 12. O-O {1h19} a5 $5 {
[%cal Gb8a6,Ga6c7,Gc7d5] Un plan logique pour amener le Nsur la case forte
"d5" via "a6,c7" mais c'est un peu lent.} (12... Nxg3 {après le roque des
blancs, les noirs peuvent se permettre de prendre la paire de B sans craindre
d'ouvir la colonne "h" pour la Rh1} 13. hxg3) 13. Re1 {1h10} Bf7 {[%cal Ge7e5]}
14. Qe2 {1h00} Na6 15. Nc3 {[%csl Re7]} Nxg3 (15... Nb4 $142 16. Bc4 Qd7 17.
Rad1 Rfe8 18. Bxf7+ Kxf7 19. Qc4+ Nd5 $14) 16. hxg3 Re8 17. Bc4 {58mns} Nc7 18.
Bxf7+ Kxf7 19. Rad1 $16 {46 Les pièces blanches sont plus actives et mieux
coordonnées} Qd7 20. g4 (20. Qc4+ $142 Nd5 21. Re4 $5 {[%csl Rh7][%cal Ge4h4]}
Bg7 22. g4 {[%csl Gf5,Gh5]}) 20... Nd5 21. g5 $1 Bf8 (21... Bxg5 22. Nxg5+ fxg5
{[%csl Rf7]} 23. Qc4 {[%csl Rd5][%cal Gc4f7]} (23. Qe5 {[%cal Gc3d5,Ge5g5,
Ge1e4]} h6 24. Nxd5 (24. Rd3 Nf4 25. Rf3 Qg4 {[%csl Rg2]}) 24... Qxd5 25. Qh2 {
[%csl Rh6][%cal Ge1e3,Ge1e5]} Kg7 26. b3 Rad8 27. Re5 Qf7) (23. Ne4 h6) 23...
h6 24. Re5 $1 e6 25. Ne4 $44 {[%csl Rf7][%cal Ge4d6,Gd1d3,Gd3f3]} Kg7 26. Nd6 (
26. g3 {[%csl Gf4]}) 26... Rf8 27. Rde1 {[%csl Re6]} Rf6) 22. Qe4 {40} Rad8 23.
Qh4 {[%csl Rh7]} Kg7 24. Re4 {27mns} h5 $2 25. Rde1 (25. gxh6+ Kh7 26. Rde1
Bxh6 27. Nxd5 cxd5 28. Re6 $40) 25... Qf5 26. Nxd5 $1 {21mns} Rxd5 27. gxf6+ {
[%csl Re8]} Qxf6 28. Qg3 $40 {[%csl Rg6][%cal Gf3e5,Ge4e6] 19} Red8 {10mns} (
28... e6 $142) 29. Re6 $1 Qf7 30. Nh4 {[%csl Rg6] 09} g5 31. R1e5 $18 (31. Rg6+
$6 Kh7 32. Rxg5 Rxg5 33. Qxg5 Rxd4) 31... Qf4 32. Rxg5+ {06mns} Qxg5 33. Rg6+
Qxg6 34. Qxg6+ Kh8 35. Qf7 Bg7 36. Ng6+ Kh7 37. f4 {02mns} e6 38. Ne7 R8d7 39.
Qg8+ Kh6 40. Qxe6+ 1-0

[Event "Olympiad-36"]
[Site "Mallorca"]
[Date "2004.10.26"]
[Round "11"]
[White "Berkes, Ferenc"]
[Black "Illescas Cordoba, Miguel"]
[Result "1/2-1/2"]
[WhiteElo "2630"]
[BlackElo "2626"]
[Annotator "Marin,M"]
[PlyCount "107"]
[EventDate "2004.10.15"]
[EventType "team-swiss"]
[EventRounds "14"]
[EventCountry "ESP"]
[SourceTitle "CBM 104"]
[Source "ChessBase"]
[SourceDate "2005.01.27"]
[SourceVersion "1"]
[SourceVersionDate "2005.01.27"]
[SourceQuality "1"]
[WhiteTeam "Hungary"]
[BlackTeam "Spain"]
[WhiteTeamCountry "HUN"]
[BlackTeamCountry "ESP"]

1. Nf3 Nf6 2. c4 c6 3. Nc3 d5 4. d4 a6 5. h3 dxc4 6. a4 e6 7. e3 c5 8. Bxc4 Nc6
9. O-O cxd4 10. exd4 Be7 11. d5 exd5 12. Nxd5 Nxd5 13. Bxd5 O-O 14. Be3 Bf5 15.
Bxc6 bxc6 16. Rc1 Be4 17. Ne5 Bf6 18. Nxc6 Qc7 19. Bd4 Bxc6 20. Bxf6 Qd7 21.
Qb3 gxf6 22. Qg3+ Kh8 23. Qh4 Qd6 24. Rfd1 Bd5 25. Qd4 Rac8 26. Rxc8 Rxc8 27.
Qxd5 Qxd5 28. Rxd5 Rc1+ 29. Kh2 Rc2 30. Kg3 Rxb2 31. Rd6 Rb3+ 32. f3 Kg7 33.
Rxa6 Rb4 {In principle, if the weaker side has the worse king side structure,
too, the chances for successful defence should diminish dramatically. However,
in this game White failed to prove this.} 34. a5 Ra4 35. Ra8 h5 36. f4 (36. h4
$5 {looks like a better reaction. In case of completely blocking the king side
(h4 vs. h5 and f4 vs. f5) White would advance his pawn to a6 and then march in
with his king, without caring about the g3-pawn, since capturing it wouldn't
create a passed pawn for Black yet.}) 36... Kg6 37. a6 Kg7 38. Kf3 Kg6 39. Ke3
({White should have defended the f4-pawn in advance with} 39. g3 {In case of}
Kf5 $6 40. a7 $1 {the black king would be prisoner on f5 (in order to avoid
Rg8+or Re8+). White would simply navigate with is king to f8, in order to win
some black pawns. The attempt to break the king side with} Ra3+ 41. Ke2 h4 {
would lose rapidly to} 42. gxh4 Kxf4 43. h5 $18) 39... Kf5 (39... h4 $5) 40. h4
(40. a7 {would be insufficient already:} h4 $1 (40... Re4+ 41. Kd3 Re7 42. g3
$18) 41. Kd3 Kxf4 42. Kc3 f5 43. Kb3 Ra1 44. Kb4 Ra2 45. Kb5 Ra1 46. Kc6 f6 47.
Kd6 Ra6+ 48. Kd5 Ra5+ 49. Ke6 Ke3 $1 (49... Ra6+ $5 50. Kf7 Ra2 51. Kxf6 Ra6+
52. Kf7 Ra2 $1) 50. Kxf6 Kf2 51. Kg5 Kxg2 52. Kxh4 Kf3 53. Kg5 f4+ 54. Kg6 Kg3
55. Kf6 Rxa7 56. Rxa7 Kxh3 $11) 40... Rxf4 $11 41. Rc8 Ra4 42. Rc6 Ra3+ 43. Kd4
Kg4 44. Kc5 Kxh4 45. Kb6 Kg3 46. Rxf6 Kxg2 47. Rh6 f5 48. Rxh5 Rb3+ 49. Kc6
Rc3+ 50. Kb5 f4 51. Rg5+ Kh2 52. a7 Ra3 53. Kb6 Rxa7 54. Kxa7 1/2-1/2